<?xml version="1.0" encoding="UTF-8"?>
<record
    xmlns:xsi="http://www.w3.org/2001/XMLSchema-instance"
    xsi:schemaLocation="http://www.loc.gov/MARC21/slim http://www.loc.gov/standards/marcxml/schema/MARC21slim.xsd"
    xmlns="http://www.loc.gov/MARC21/slim">

  <leader>00872cam1a220022900 4500</leader>
  <controlfield tag="001">tmp15327681</controlfield>
  <controlfield tag="003">UPRA</controlfield>
  <controlfield tag="005">20190830114731.0</controlfield>
  <controlfield tag="008">950731s1894    nyu                 eng u</controlfield>
  <datafield tag="035" ind1=" " ind2=" ">
    <subfield code="a">(Sirsi) r114728</subfield>
  </datafield>
  <datafield tag="035" ind1=" " ind2=" ">
    <subfield code="a">(UPRA)tmp15327681</subfield>
  </datafield>
  <datafield tag="040" ind1=" " ind2=" ">
    <subfield code="c">UPRA</subfield>
  </datafield>
  <datafield tag="041" ind1="1" ind2=" ">
    <subfield code="a">eng ger</subfield>
    <subfield code="h">eng ger</subfield>
  </datafield>
  <datafield tag="100" ind1="1" ind2=" ">
    <subfield code="a">Frobel, Friedrich, 1782-1852.</subfield>
    <subfield code="d">Frobel, Friedrich, 1782-1852.</subfield>
    <subfield code="6">A76547.1</subfield>
  </datafield>
  <datafield tag="245" ind1="1" ind2="4">
    <subfield code="a">The education of man /</subfield>
    <subfield code="c">tr. from the German and annotated by W.N. Hailmann.</subfield>
  </datafield>
  <datafield tag="260" ind1=" " ind2=" ">
    <subfield code="a">New York :</subfield>
    <subfield code="b">Appleton,</subfield>
    <subfield code="c">1894.</subfield>
  </datafield>
  <datafield tag="440" ind1=" " ind2="0">
    <subfield code="a">International education series ;</subfield>
    <subfield code="v">v. 5</subfield>
    <subfield code="6">S12132.1</subfield>
  </datafield>
  <datafield tag="650" ind1=" " ind2="0">
    <subfield code="a">Education.</subfield>
    <subfield code="6">S3595.1</subfield>
  </datafield>
  <datafield tag="700" ind1="1" ind2=" ">
    <subfield code="a">Hailmann, W. N. (William Nicholas), 1836-1920.</subfield>
    <subfield code="q">Hailmann, W. N. (William Nicholas), 1836-1920.</subfield>
    <subfield code="d">Hailmann, W. N. (William Nicholas), 1836-1920.</subfield>
    <subfield code="6">A78545.1</subfield>
  </datafield>
  <datafield tag="949" ind1=" " ind2=" ">
    <subfield code="a">LB1153</subfield>
    <subfield code="w">lcc</subfield>
    <subfield code="i">-164929</subfield>
    <subfield code="m">MAIN</subfield>
    <subfield code="t">BOOK</subfield>
    <subfield code="l">ON-SHELF</subfield>
  </datafield>
  <controlfield tag="004">114728</controlfield>
  <datafield tag="999" ind1=" " ind2=" ">
    <subfield code="c">194028</subfield>
    <subfield code="d">194028</subfield>
  </datafield>
</record>
